Library Banner

The kabbalah handbook (Record no. 43909)

MARC details
000 -LEADER
fixed length control field 00526nam a2200181Ia 4500
001 - CONTROL NUMBER
control field 45952
008 - FIXED-LENGTH DATA ELEMENTS--GENERAL INFORMATION
fixed length control field 140428s9999 xx 000 0 und d
020 ## - INTERNATIONAL STANDARD BOOK NUMBER
International Standard Book Number 9781585425600
040 ## - CATALOGING SOURCE
Transcribing agency PK-LaUMT
082 ## - DEWEY DECIMAL CLASSIFICATION NUMBER
Classification number R 296.1603
Item number SAM-K
100 ## - MAIN ENTRY--PERSONAL NAME
Personal name Samuel, Gabriella
245 #4 - TITLE STATEMENT
Title The kabbalah handbook
Remainder of title a concise encyclopedia of terms and concepts in Jewish mysticism
Statement of responsibility, etc Samuel, Gabriella
260 ## - PUBLICATION, DISTRIBUTION, ETC. (IMPRINT)
Place of publication, distribution, etc New York,USA:
Name of publisher, distributor, etc Jeremy P. Tarcher,
Date of publication, distribution, etc 2007
300 ## - PHYSICAL DESCRIPTION
Extent 467 p.
546 ## - LANGUAGE NOTE
Language note EN
650 ## - SUBJECT ADDED ENTRY--TOPICAL TERM
Topical term or geographic name as entry element Cabala-Encyclopedias
942 ## - ADDED ENTRY ELEMENTS (KOHA)
Koha item type Books
Holdings
Withdrawn status Lost status Damaged status Not for loan Home library Current library Date acquired Total Checkouts Full call number Barcode Date last seen Price effective from Koha item type
        UMT Main Campus UMT Main Campus 2014-04-28   R 296.1603 SAM-K 49939 2014-05-06 2014-05-06 Books